Normal view
MARC view
- Massachusetts Institute of Technology.
Entry Corporate Name
001 - CONTROL NUMBER
- control field: 3202
003 - CONTROL NUMBER IDENTIFIER
- control field: OSt
005 - DATE AND TIME OF LATEST TRANSACTION
- control field: 20170511094530.0
008 - FIXED-LENGTH DATA ELEMENTS
- fixed length control field: 170511|| aca||aabn | a|a d
040 ## - CATALOGING SOURCE
- Original cataloging agency: OSt
- Transcribing agency: OSt
110 ## - HEADING--CORPORATE NAME
- Corporate name or jurisdiction name as entry element: Massachusetts Institute of Technology.
- Subordinate unit: Center for International Studies
670 ## - SOURCE DATA FOUND
- Source citation: Work cat.: (OSt): Bloomfield, Lincoln Palmer, 1920- 3200, The power to keep peace, today and in a world without war /, [1971]

PORTAL AKMAL
E-MEL JKDM
AKMAL2U
G-BAM
u-PUSTAKA